[Event "Omsk City-ch"]
[Site "Omsk"]
[Date "2008.02.12"]
[Round "11"]
[White "Sharov, Fedor"]
[Black "Vitman, Andrei"]
[Result "1-0"]
[WhiteElo "2029"]
[BlackElo "2030"]
[PlyCount "31"]
[EventDate "2008.02.06"]
[EventType "swiss"]
[EventRounds "11"]
[EventCountry "RUS"]
[SourceTitle "EXT 2009"]
[Source "ChessBase"]
[SourceDate "2008.11.26"]
[SourceVersion "1"]
[SourceVersionDate "2008.11.26"]
[SourceQuality "1"]

1. d4 Nf6 2. Nf3 g6 3. c4 Bg7 4. Nc3 d5 5. cxd5 Nxd5 6. e4 Nxc3 7. bxc3 c5 8. Bc4 0-0 9. h3 Qc7 10. Qb3 Nc6 11. Ng5 e6 12. Ba3 Na5 13. Qa4 Rd8 14. Rc1 cxd4 15. cxd4 Rxd4 16. Qe8+ 1-0

[Event "Omsk City-ch"]
[Site "Omsk"]
[Date "2008.02.08"]
[Round "4"]
[White "Vitman, Andrei"]
[Black "Karabut, Vladimir"]
[Result "0-1"]
[WhiteElo "2030"]
[BlackElo "2119"]
[PlyCount "66"]
[EventDate "2008.02.06"]
[EventType "swiss"]
[EventRounds "11"]
[EventCountry "RUS"]
[SourceTitle "EXT 2009"]
[Source "ChessBase"]
[SourceDate "2008.11.26"]
[SourceVersion "1"]
[SourceVersionDate "2008.11.26"]
[SourceQuality "1"]

1. b3 d5 2. Bb2 Bf5 3. e3 e6 4. f4 Nf6 5. Nf3 Nbd7 6. Be2 h6 7. 0-0 Bd6 8. Kh1 Bg4 9. Nh4 Bxe2 10. Qxe2 g5 11. Nf3 Qe7 12. Ne5 Bxe5 13. fxe5 Nh7 14. d4 0-0-0 15. c4 c6 16. a4 g4 17. Ba3 Qe8 18. Nc3 f5 19. cxd5 exd5 20. Bd6 Qe6 21. Nb5 Ndf6 22. Nxa7+ Kd7 23. Nxc6 bxc6 24. Qa6 Ne4 25. Qb7+ Ke8 26. Ba3 c5 27. dxc5 Qxe5 28. Qb5+ Kf7 29. Rxf5+ Qxf5 30. Rf1 Nf2+ 31. Kg1 Qe6 32. Rxf2+ Kg6 33. Bb2 Rhf8 0-1